000 00464nam a2200193Ia 4500
008 240510s9999 xx 000 0 und d
020 _a0108184046448
041 _aEng
082 _a006.7
082 _bA25
100 _aTUCKER, David (et-al)
245 0 _aAdobe AIR 1.5 Cookbook
260 _bNew Delhi : Shroff Publishers and Distributors
260 _c2009
300 _a418 p.
650 _aWeb Development
942 _2ddc
942 _cRBK
999 _c28374
_d28374
945 _a1
_bMadushi Gamage
_c1
_dMadushi Gamage